1837 1694 1061 1994 1997 1253 1682 1004 1436 1501 1008 1326 1443 1176 1522 1737 1070 1000 1674 1120 1202 1131 1050 1928 1423 1096 1212 1439 1474 1520 1229 1354 1687 1432 1350 1031 1926 1436 1299 1461 1794 1153 1980 1661 1207 1450 1436 1738 1160 1483 1723 1062 1678 1623 1864 1699 1642 1663 1444 1075 1504 1089 1331 1062 1997 1001 1060 1366 1563 1716 1072 1083 1266 1335 1069 1363 1938 1514 1279 1760 1122 1995 1826 1923 1349 1816 1052 1135 1646 1029 1883 1289 1846 1089 1380 1400 1611 1686 1754 BCNSPRNW ULIB Ver.6.0+V

เปลี่ยนเป็นภาษาไทย

Change to English
 แสดงรายละเอียดบรรณานุกรม
  กลับหน้าหลัก

Brief Record : Get Marc (ISO 2709) : E-mail record : QR code < ปิดหน้าต่าง
LEADER : 00000nam 2200000uu 4500
001    13399127576
003     ULIB
008    210210s2561||||th 000 0 tha d
020    ^a978616426121
060    ^aWG169 จ171ศ
100    ^aจรัญ สายะสถิตย์
245    ^aศัลยศาสตร์โรคหัวใจที่พบบ่อย = Common cardiac surgery
250    ^aพิมพ์ครั้งที่ 2
260    ^aพิษณุโลก :^bสำนัักพิมพ์มหาวิทยาลัยนเรศวร,^c2561
300    ^a154 หน้า :^bภาพประกอบ ;^c26 ซม.
650    ^aหัวใจ -- โรค -- การรักษา
945    ^p350^l0^i007575
945    ^p350^l0^i007576
945    ^p350^l0^i007577
945    ^p350^l0^i007578
945    ^p350^l0^i007579
999    ^aประนอม เกษจรัล
รายการนี้ยังไม่มีแท็ก
คุณยังไม่ได้ล็อกอิน คุณสามารถมีกิจกรรมร่วมกับเว็บไซต์ได้ แต่ต้องล็อกอินก่อน ::
  ล็อกอิน

รายการสื่อสารสนเทศ

ลำดับที่ ประเภท เลขเรียก/บาร์โค้ด สถานที่ สถานะ
1. วิทยาศาสตร์การแพทย์ และสุขภาพ
หนังสือสำรอง
สถานะ=หนังสือสำรอง
WG169 จ171ศ ฉ.1 
  Barcode: 007575
ห้องสมุดวิทยาเขตสวรรค์ประชารักษ์
►หนังสือทั่วไป
บนชั้น
2. วิทยาศาสตร์การแพทย์ และสุขภาพ
วิทยาศาสตร์การแพทย์ และสุขภาพ
WG169 จ171ศ ฉ.2 
  Barcode: 007576
ห้องสมุดวิทยาเขตสวรรค์ประชารักษ์
►หนังสือทั่วไป
บนชั้น
3. วิทยาศาสตร์การแพทย์ และสุขภาพ
วิทยาศาสตร์การแพทย์ และสุขภาพ
WG169 จ171ศ ฉ.3 
  Barcode: 007577
ห้องสมุดวิทยาเขตสวรรค์ประชารักษ์
►หนังสือทั่วไป
บนชั้น
4. วิทยาศาสตร์การแพทย์ และสุขภาพ
วิทยาศาสตร์การแพทย์ และสุขภาพ
WG169 จ171ศ ฉ.4 
  Barcode: 007578
ห้องสมุดวิทยาเขตสวรรค์ประชารักษ์
►หนังสือทั่วไป
ถูกยืม กำหนดส่งวันที่ 8 มีนาคม 2567
  จอง
5. วิทยาศาสตร์การแพทย์ และสุขภาพ
วิทยาศาสตร์การแพทย์ และสุขภาพ
WG169 จ171ศ ฉ.5 
  Barcode: 007579
ห้องสมุดวิทยาเขตสวรรค์ประชารักษ์
►หนังสือทั่วไป
บนชั้น

รายการใกล้เคียง
    ชื่อเรื่อง [ศัลยศาสตร์โรคหัวใจที่พบบ่อย = Common cardiac surgery]

    ผู้แต่ง [จรัญ สายะสถิตย์]

    หัวเรื่อง [หัวใจ -- โรค -- การรักษา]

BibComment


ยังไม่เคยถูกคอมเมนท์

คอมเมนท์ทรัพยากรรายการนี้
  คอมเมนท์: ศัลยศาสตร์โรคหัว..


 Copyright 2026. Bcnsprnw @Library